• 首页
  • 本馆介绍
  • 公告通知
  • 最新文献
  • 馆藏检索
  • 电子资源
  • 读者导购
  • 参考咨询
  • 我的图书馆
  • 登录
  • 详细信息显示
  • 放入我的书架
  • 预约/预借图书
  • 作者相关作品
  • 分类相关作品
  • 丛书相关作品
  • 出版社相关作品

书目信息

  • 表格格式
  • 工作单格式
  • 卡片格式
题名:
午后的岁月
    
 
作者: 叶兆言 , 余斌 著
分册:  
出版信息: 桂林   广西师范大学出版社  2002
页数: 234页
开本: 20cm
丛书名:
单 册:
中图分类: I253.5
科图分类:
主题词: 报告文学--中国
电子资源:
ISBN: 7-5633-3432-7
000 01041nam0 2200241 45
001 012002030169
005 20050316081224.5
010    @a7-5633-3432-7@dCNY16.80
100    @a20020405d2002 em y0chiy0110 ea
101 0  @achi
102    @aCN@b450000
105    @ay z 000yy
200 1  @a午后的岁月@Awu hou de sui yue@e叶兆言和好友余斌为纪念友情关于人生和文学的闲散对白@EYe Zhao Yan He Hao You Yu Bin Wei Ji Nian You Qing Guan Yu Ren Sheng He Wen Xue De Xian San Dui Bai@f叶兆言,余斌著@FYe Zhao Yan,Yu Bin Zhu
210    @a桂林@c广西师范大学出版社@d2002
215    @a234页@d20cm
330    @a本书包括:学校是个相对好的地方、现代文学总体上是平庸的、我的文学标准和尺度、作家有时越写脾气越大等内容。
517    @a叶兆言和好友余斌为纪念友情关于人生和文学的闲散对白@AYe Zhao Yan He Hao You Yu Bin Wei Ji Nian You Qing Guan Yu Ren Sheng He Wen Xue De Xian San Dui Bai
606 0  @a报告文学@y中国
690    @aI253.5@v4
701  0 @a叶兆言@4著
701  0 @a余斌@4著
801  0 @aCN@bNLC@c20020410
905    @b345264-273@dI253.5@e486@f10
    
    午后的岁月:叶兆言和好友余斌为纪念友情关于人生和文学的闲散对白/叶兆言,余斌著.-桂林:广西师范大学出版社,2002
    234页;20cm
    
    
    ISBN 7-5633-3432-7:CNY16.80
    本书包括:学校是个相对好的地方、现代文学总体上是平庸的、我的文学标准和尺度、作家有时越写脾气越大等内容。
●
相关链接 在E读中查询图书 在五车中查询图书 在当当中查询图书 在豆瓣中查询图书


正题名:午后的岁月     索取号:I253.5/486         预约/预借

序号 登录号 条形码 馆藏地/架位号 状态 备注
1 0345264   203452646   第一样本阅览室/ [索取号:I253.5/486] 在馆    
2 0345265   203452655   第二借阅区/ [索取号:I253.5/486] 在馆    
3 0345266   203452664   第二借阅区/ [索取号:I253.5/486] 在馆    
4 0345267   203452673   第二借阅区/ [索取号:I253.5/486] 在馆    
5 0345268   203452682   第二借阅区/ [索取号:I253.5/486] 在馆    
6 0345269   203452691   第二借阅区/ [索取号:I253.5/486] 在馆    
7 0345270   203452708   第二借阅区/ [索取号:I253.5/486] 在馆    
8 0345271   203452717   第二借阅区/ [索取号:I253.5/486] 在馆    
9 0345272   203452726   第二借阅区/ [索取号:I253.5/486] 在馆    
10 0345273   203452735   第二借阅区/ [索取号:I253.5/486] 在馆    
唐山师范学院图书馆 欢迎您!
大连网信软件有限公司© 版权所有